书目信息 |
| 题名: |
应用MATLAB实现信号分析和处理
|
|
| 作者: | 张明照 , 刘政波 , 刘斌 编著 | |
| 分册: | ||
| 出版信息: | 北京 科学出版社 2006.01 |
|
| 页数: | 368页 | |
| 开本: | 26cm | |
| 丛书名: | MATLAB语言应用系列书 | |
| 单 册: | ||
| 中图分类: | TN911.6 | |
| 科图分类: | ||
| 主题词: | MATLAB语言--MATLAB yu yan--应用--信号处理 , MATLAB语言--MATLAB yu yan--应用--信号分析 | |
| 电子资源: | ||
| ISBN: | 7-03-016591-8 | |
| 000 | 01137nam 2200289 450 | |
| 001 | 012006295860 | |
| 005 | 20061130101101.57 | |
| 010 | @a7-03-016591-8@dCNY36.00 | |
| 100 | @a20061026d2006 km y0chiy0120 ea | |
| 101 | 0 | @achi |
| 102 | @aCN@b110000 | |
| 105 | @aa a 000yy | |
| 200 | 1 | @a应用MATLAB实现信号分析和处理@Aying yong MATLAB shi xian xin hao fen xi he chu li@f张明照, 刘政波, 刘斌等编著@Fzhang ming zhao,liu zheng bo,liu bin deng bian zhu |
| 210 | @a北京@c科学出版社@d2006.01 | |
| 215 | @a368页@c图@d26cm | |
| 225 | 2 | @aMATLAB语言应用系列书@AMATLAB yu yan ying yong xi lie shu |
| 320 | @a有书目。 | |
| 330 | @a本书介绍了MATLAB基本用法的基础上,从信号分析和处理的角度出发,结合具体实例,系统详细地介绍了数据采集工具箱、信号处理工具箱等的相关命令和函数。 | |
| 410 | 0 | @12001 @aMATLAB语言应用系列书 |
| 606 | 0 | @aMATLAB语言@AMATLAB yu yan@x应用@x信号处理 |
| 606 | 0 | @aMATLAB语言@AMATLAB yu yan@x应用@x信号分析 |
| 690 | @aTN911.6@v4 | |
| 701 | 0 | @a张明照@Azhang ming zhao@4编著 |
| 701 | 0 | @a刘政波@Aliu zheng bo@4编著 |
| 701 | 0 | @a刘斌@Aliu bin@4编著 |
| 801 | 0 | @aCN@c20061130 |
| 905 | @a10447@dTN911.6@eZ149 | |
| 应用MATLAB实现信号分析和处理/张明照, 刘政波, 刘斌等编著.-北京:科学出版社,2006.01 |
| 368页:图;26cm.-(MATLAB语言应用系列书) |
| ISBN 7-03-016591-8:CNY36.00 |
| 本书介绍了MATLAB基本用法的基础上,从信号分析和处理的角度出发,结合具体实例,系统详细地介绍了数据采集工具箱、信号处理工具箱等的相关命令和函数。 |
| ● |
| 相关链接 |
|
|
|
正题名:应用MATLAB实现信号分析和处理
索取号:TN911.6/Z149
 
预约/预借
| 序号 | 登录号 | 条形码 | 馆藏地/架位号 | 状态 | 备注 |
| 1 | 224521 | 202245212 | 自科库301/301自科库 35排1列1层/ [索取号:TN911.6/Z149] | 在馆 | |
| 2 | 224522 | 202245221 | 自科库301/301自科库 35排1列1层/ [索取号:TN911.6/Z149] | 在馆 |